00427nam a22001577a 4500003000500000005001700005008004100022020001800063040000600081082001400087100001400101245006200115260003200177300001200209650004800221CEME20210628202139.0210225b xxu||||| |||| 00| 0 eng d a0-07-235644-8 c. a621.3 KAS aKasap.S.O aPrinciples of electrical engineering material and devices aNEW YORKbMCGRAW HILLc2000 aXI,690P aELECTRICAL ENGINEERING MATERIAL AND DEVICES